Environment : (Record no. 27553)
[ view plain ]
| 000 -LEADER | |
|---|---|
| fixed length control field | 01263cam a2200301 a 4500 |
| 001 - CONTROL NUMBER | |
| control field | 14959496 |
| 005 - DATE AND TIME OF LATEST TRANSACTION | |
| control field | 20170209093755.0 |
| 008 - FIXED-LENGTH DATA ELEMENTS--GENERAL INFORMATION | |
| fixed length control field | 070809s2008 cauab b 001 0 eng |
| 010 ## - LIBRARY OF CONGRESS CONTROL NUMBER | |
| LC control number | 2007033073 |
| 020 ## - INTERNATIONAL STANDARD BOOK NUMBER | |
| International Standard Book Number | 9780805395730 |
| 020 ## - INTERNATIONAL STANDARD BOOK NUMBER | |
| International Standard Book Number | 0805395733 (student text component) |
| 050 00 - LIBRARY OF CONGRESS CALL NUMBER | |
| Classification number | GE105 .B74 2008 |
| 100 1# - MAIN ENTRY--PERSONAL NAME | |
| Personal name | Withgott, Jay. |
| 245 10 - TITLE STATEMENT | |
| Title | Environment : |
| Remainder of title | the science behind the stories. |
| 250 ## - EDITION STATEMENT | |
| Edition statement | 3rd ed. / Jay Withgott, Scott Brennan. |
| 260 ## - PUBLICATION, DISTRIBUTION, ETC. (IMPRINT) | |
| Place of publication, distribution, etc. | San Francisco : |
| Name of publisher, distributor, etc. | Pearson Benjamin Cummings, |
| Date of publication, distribution, etc. | c2008. |
| 300 ## - PHYSICAL DESCRIPTION | |
| Extent | xxvii, 681, [74] p. : |
| Other physical details | col. ill., col. maps ; |
| Dimensions | 28 cm. |
| 500 ## - GENERAL NOTE | |
| General note | Brennan's name appears first on the 1st ed. |
| 500 ## - GENERAL NOTE | |
| General note | Includes access code to the book's Companion Website. |
| 504 ## - BIBLIOGRAPHY, ETC. NOTE | |
| Bibliography, etc | Includes bibliographical references and index. |
| 650 #0 - SUBJECT ADDED ENTRY--TOPICAL TERM | |
| Topical term or geographic name as entry element | Environmental sciences. |
| 700 1# - ADDED ENTRY--PERSONAL NAME | |
| Personal name | Brennan, Scott R. |
| 856 41 - ELECTRONIC LOCATION AND ACCESS | |
| Materials specified | Table of contents only |
| Uniform Resource Identifier | <a href="http://www.loc.gov/catdir/toc/ecip0724/2007033073.html">http://www.loc.gov/catdir/toc/ecip0724/2007033073.html</a> |
| 942 ## - ADDED ENTRY ELEMENTS (KOHA) | |
| Source of classification or shelving scheme | |
| Koha item type | Hard Covered Materials |
| Withdrawn status | Lost status | Source of classification or shelving scheme | Damaged status | Not for loan | Home library | Current library | Shelving location | Date acquired | Source of acquisition | Total Checkouts | Full call number | Barcode | Date last seen | Price effective from | Koha item type |
|---|---|---|---|---|---|---|---|---|---|---|---|---|---|---|---|
| MACHAKOS UNIVERSITY LIBRARY | MACHAKOS UNIVERSITY LIBRARY | Open shelf | 09/02/2017 | Donation(BFA) | GE105 .B74 2008 | 35193 | 09/02/2017 | 09/02/2017 | Hard Covered Materials |